<?xml version="1.0" encoding="UTF-8"?>
<marc:record xmlns:marc="http://www.loc.gov/MARC21/slim">
   <marc:leader>00000nam a2200000 a 4500</marc:leader>
   <marc:datafield ind1="0" ind2="0" tag="245">
      <marc:subfield code="a">Setup</marc:subfield>
   </marc:datafield>
   <marc:datafield ind1="0" ind2="0" tag="245">
      <marc:subfield code="b">Freunde für`s Leben Feinde für die Ewigkeit</marc:subfield>
   </marc:datafield>
   <marc:datafield ind1=" " ind2="1" tag="264">
      <marc:subfield code="b">Ascot Elite</marc:subfield>
      <marc:subfield code="c">2012</marc:subfield>
   </marc:datafield>
   <marc:datafield ind1="1" ind2=" " tag="520">
      <marc:subfield code="a">Drei kleine Gauner aus Detroit überfallen mittags in der Innenstadt mit automatischen Schnellfeuerwaffen einen Diamantentransport und entkommen ihren Verfolgern. Danach erschießt Vincent seine Kumpane und verschwindet mit der Beute. Doch Sonny ist nicht so tot, wie es den Anschein hatte. Nach einer Zeit der Rekonvaleszenz und inneren Sammlung zieht er auf einen Rachefeldzug. Was den Mann, der nichts mehr zu verlieren hat, schnurgerade auf Konfrontationskurs bringt nicht nur mit Vincent, sondern auch mit dem Mobster Biggs.</marc:subfield>
   </marc:datafield>
   <marc:datafield ind1=" " ind2=" " tag="500">
      <marc:subfield code="a">Deutsch, Englisch</marc:subfield>
   </marc:datafield>
   <marc:datafield ind1="0" ind2=" " tag="490">
      <marc:subfield code="v">0</marc:subfield>
   </marc:datafield>
   <marc:datafield ind1=" " ind2=" " tag="300">
      <marc:subfield code="a">81 Min.</marc:subfield>
   </marc:datafield>
</marc:record>
